| 000 | 00889nam a2200253 i 4500 | ||
|---|---|---|---|
| 001 | 56235 | ||
| 003 | ES-MaACL | ||
| 005 | 20250824201532.0 | ||
| 007 | t| | ||
| 008 | 031006s1988 sp ||||1| spa d | ||
| 020 | _a84-86168-38-4 | ||
| 020 | _a84-368-0447-3 | ||
| 245 | 0 | 0 |
_aDiccionario de autores _b: quién es quién en las letras españolas / _cCentro de las Letras Españolas. |
| 260 |
_aMadrid : _bFundación Germán Sánchez Ruipérez : _bPirámide, _c1988. |
||
| 300 |
_a284 p. ; _c26 cm. |
||
| 490 | 1 |
_aBiblioteca del libro ; _vL |
|
| 650 | 4 |
_aEscritores españoles- _vBiobibliografías. _9149730 |
|
| 710 | 2 |
_aCentro de las Letras Españolas. _92712 |
|
| 830 | 0 | 0 |
_aBiblioteca del libro _vL _9177916 |
| 852 |
_aES-MaACL _jL-13237 _bR.116273 |
||
| 852 |
_aES-MaACL _jA-15051 _9 58400 _bR.117468 _cDEPO1 _dOlim: 016 dic |
||
| 942 | _2udc | ||
| 999 |
_c56235 _d56235 |
||